Ley general de pesca y acuicultura

Furkejuvvon:
Bibliográfalaš dieđut
Váldodahkki: Rojas Ríos, César (Dahkki)
Materiálatiipa: Girji
Giella:espánnjágiella
Almmustuhtton: Santiago Jurídicas La Ley 1993
Fáttát:
Fáddágilkorat: Lasit fáddágilkoriid
Eai fáddágilkorat, Lasit vuosttaš fáddágilkora!

MARC

LEADER 00000nam a2200000 a 4500
001 UCV3238
003 CL-VaPUC
008 930506e19930000CL |||||||||||||||||spa|d
082 0 4 |a 343.076  |b ROJ  |2 21 
100 0 |a Rojas Ríos, César  |e author  |9 297504 
245 1 0 |a Ley general de pesca y acuicultura 
300 |a 458 p 
942 |c BK 
945 |d 19930506 00:00:00 
260 |a Santiago  |b Jurídicas La Ley  |c 1993 
650 0 |a Pesca  |9 258707 
650 0 |a Derecho y legislación   |9 255077 
650 0 |a Acuicultura  |9 258883 
651 7 |a CHILE  |2 CL-VaPUC  |9 297505 
583 |a last modification  |c 19930506 00:00:00  |k Rodrigo Vera 
999 |c 210531  |d 210529 
952 |0 0  |1 0  |4 0  |6 343_076000000000000_ROJ_1993  |7 0  |8 A  |9 186876  |a BIBDER  |b BIBDER  |d 2019-11-14  |i 2544687  |o 343.076 ROJ 1993  |p 2544687  |r 2023-01-25  |w 2019-11-14  |y BK  |k DER